[Event "TCh-CRO Jun"]
[Site "Pula CRO"]
[Date "2001.09.12"]
[Round "3"]
[White "Plenkovic,Z"]
[Black "Troselj,T"]
[Result "1-0"]
[WhiteElo "2151"]
[BlackElo "2098"]

1.e4 e6 2.d4 d5 3.Nc3 Nf6 4.e5 Nfd7 5.f4 c5 6.Nf3 Nc6 7.Bd3 cxd4 8.Ne2 Bc5
9.O-O f5 10.Kh1 a6 11.b3 b5 12.Bb2 Qb6 13.Qe1 b4 14.g4 fxg4 15.Ng5 Nf8 16.Qh4 Bd7
17.Qxg4 Rg8 18.Nxh7 O-O-O 19.Ng5 Kb7 20.Nf3 Bc8 21.a4 a5 22.Qg1 g5 23.fxg5 Ng6
24.Qg3 Rdf8 25.Bxg6 Rxg6 26.Rad1 d3 27.cxd3 Ka7 28.d4 Be7 29.Nf4 Rgg8 30.h4 Nd8
31.g6 Rxf4 32.Qxf4 Rxg6 33.Rg1 Rxg1+ 34.Rxg1 Qc7 35.Rg2 Ba6 36.Kg1 Bd3 37.h5 Qd7
38.Rg7 Qe8 39.Qf6 Nc6 40.Qf7 Qh8 41.Bc1 Be2 42.h6 Kb6 43.Rg8  1-0

[Event "TCh-CRO"]
[Site "Pula CRO"]
[Date "2001.09.12"]
[Round "3"]
[White "Pavicic,Z"]
[Black "Kovacevic,B"]
[Result "0-1"]
[WhiteElo "2420"]
[BlackElo "2443"]

1.e4 e6 2.d4 d5 3.Nc3 Nf6 4.e5 Nfd7 5.f4 c5 6.Nf3 a6 7.Be3 Qb6 8.a3 Nc6 9.Rb1 Qa7
10.Ne2 f6 11.exf6 Nxf6 12.dxc5 Bxc5 13.Ned4 O-O 14.b4 Bb6 15.Nxc6 bxc6 16.Bxb6 Qxb6
17.Qd4 Rb8 18.Rb3 Ne4 19.g3 c5 20.bxc5 Qa5+ 21.Nd2 Rxb3 22.cxb3 Nxd2 23.Qxd2 Qxa3
24.b4 Bd7 25.Be2 Rb8 26.Kf2 a5 27.bxa5 Qxc5+ 28.Qe3 d4 29.Qe5 Qa7 30.Bd3 Rb2+
31.Kf1 Qb7 32.Qe4 Qxe4 33.Bxe4 Ra2 34.a6 Rxa6 35.Kg2 Ra2+ 36.Kf3 Bb5 37.g4 Ra3+
38.Kf2 Ra2+ 39.Kg3 Ra3+ 40.Kf2 Ra2+ 41.Kg3 Re2 42.Bf3 Re3  0-1

[Event "TCh-CRO Jun"]
[Site "Pula CRO"]
[Date "2001.09.17"]
[Round "8"]
[White "Plenkovic,Z"]
[Black "Grozdanic,V"]
[Result "1-0"]
[WhiteElo "2151"]
[BlackElo "2054"]

1.e4 e6 2.d4 d5 3.Nc3 Nf6 4.e5 Nfd7 5.f4 c5 6.Nf3 Nc6 7.Bd3 Nxd4 8.Nxd4 cxd4
9.Ne2 Bb4+ 10.Bd2 Qb6 11.O-O Nc5 12.a3 Nxd3 13.cxd3 Bxd2 14.Qxd2 Bd7 15.Rfc1 O-O
16.Qb4 Qxb4 17.axb4 a6 18.Nxd4 Rac8 19.Kf2 f6 20.Ke3 Kf7 21.Rc3 Rxc3 22.bxc3 Ke7
23.Nf3 Bb5 24.g3 fxe5 25.Nxe5 Kd6 26.h4 Rf6 27.c4 Bc6 28.Ra2 h6 29.h5 Be8
30.g4 g5 31.hxg6 Bxg6 32.Rh2 Be8 33.c5+ Kc7 34.d4 b6 35.g5 hxg5 36.fxg5 Rf1
37.Rh7+ Kd8 38.cxb6 Rb1 39.Nd3 Kc8 40.Rh8 Kb7 41.Rxe8  1-0

[Event "TCh-BEL 2001-2"]
[Site "Belgium BEL"]
[Date "2001.10.18"]
[Round "2"]
[White "Timmermans,I"]
[Black "Piceu,T"]
[Result "0-1"]
[WhiteElo "2190"]
[BlackElo "2173"]

1.e4 e6 2.d4 d5 3.Nc3 Nf6 4.e5 Nfd7 5.f4 c5 6.Nf3 a6 7.Be3 Qb6 8.a3 Nc6 9.Na4 Qa5+
10.c3 cxd4 11.b4 Qc7 12.Nxd4 b5 13.Nb2 Ncxe5 14.fxe5 Qxc3+ 15.Qd2 Qxd2+ 16.Kxd2 Nxe5
17.Nb3 Nc4+ 18.Nxc4 bxc4 19.Na5 g6 20.Bd4 Bh6+ 21.Kc3 O-O 22.g3 f6 23.Bg2 Bd7
24.Rae1 Bg7 25.Re2 Rab8 26.Rhe1 Rfe8 27.Rf2 Rf8 28.Rfe2 Rfe8 29.Rf2 f5 30.Be5 Bxe5+
31.Rxe5 Kf7 32.Kd4 Kf6 33.Rfe2 h5 34.Bf3 Rec8 35.R5e3 Rb6 36.Re1 g5 37.Bxh5 g4
38.h3 gxh3 39.Bf3 Rg8 40.Bd1 Rh8 41.g4 fxg4 42.Kc5 Rb5+ 43.Kd6 d4 44.Rg3 Rd5+
45.Kc7 h2 46.Rf1+ Ke7 47.Rh1 Rc8+ 48.Kb7 Rb5+ 49.Ka7 Rc7+ 50.Kxa6 Rb8  0-1

[Event "TCh-SLO"]
[Site "Bled SLO"]
[Date "2001.10.19"]
[Round "2"]
[White "Sax,G"]
[Black "Atalik,S"]
[Result "1/2-1/2"]
[WhiteElo "2593"]
[BlackElo "2527"]

1.e4 e6 2.d4 d5 3.Nc3 Nf6 4.e5 Nfd7 5.Nce2 c5 6.c3 cxd4 7.cxd4 f6 8.Nf4 Bb4+
9.Bd2 Qb6 10.Bxb4 Qxb4+ 11.Qd2 Qxd2+ 12.Kxd2 Kf7 13.exf6 gxf6 14.Nf3 Nc6
15.Bb5 Nb6 16.Bxc6 Nc4+ 17.Kc3 bxc6 18.Nd3 Rg8 19.g3 Nd6 20.Nc5 Nb5+ 21.Kd3 e5
22.dxe5 Bf5+ 23.Ke3 Rae8 24.e6+ Bxe6 25.Rhe1 Bg4+ 26.Kf4 Bxf3 27.Kxf3 Nd4+
28.Kg2 Rxe1 29.Rxe1 Rb8 30.b3  1/2-1/2

[Event "4th Golden Autumn"]
[Site "Alushta UKR"]
[Date "2001.10.20"]
[Round "?"]
[White "Zubarev,A1"]
[Black "Chuprikov,D"]
[Result "0-1"]
[WhiteElo "2455"]
[BlackElo "2420"]

1.e4 e6 2.d4 d5 3.Nc3 Nf6 4.e5 Nfd7 5.Nf3 c5 6.dxc5 Nc6 7.Bf4 Bxc5 8.Bd3 f6
9.exf6 Nxf6 10.Qe2 O-O 11.O-O-O a6 12.Kb1 Bd7 13.Ne5 Rc8 14.Nxc6 Rxc6 15.Be5 Be8
16.f3 Nd7 17.Bg3 Qf6 18.Bf2 Bxf2 19.Qxf2 Nc5 20.Ka1 b5 21.Rd2 b4 22.Ne2 e5
23.c3 Nxd3 24.Rxd3 Bf7 25.cxb4 d4 26.Rc1 Rfc8 27.Rxc6 Qxc6 28.Rd1 Qa4 29.b3 Bxb3
30.Rd2 Bxa2  0-1

[Event "Sportland NRW Cup"]
[Site "Senden GER"]
[Date "2001.10.20"]
[Round "8"]
[White "Schuh,D"]
[Black "Schaefer,Ma"]
[Result "1/2-1/2"]
[WhiteElo "2182"]
[BlackElo "2403"]

1.e4 e6 2.d4 d5 3.Nc3 Nf6 4.e5 Nfd7 5.Nce2 c5 6.c3 Nc6 7.f4 Qb6 8.Nf3 f6
9.a3 a5 10.b3 Be7 11.Neg1 O-O 12.h4 Qc7 13.Be3 Nb6 14.a4 c4 15.bxc4 Nxc4
16.Bc1 Bd7 17.Bd3 f5 18.Qc2 b5 19.axb5 Na7 20.g4 Nxb5 21.gxf5 exf5 22.Ng5 Nxc3
23.e6 Be8 24.Bxf5 g6 25.Bd3 Bb4 26.Kf2 Rxf4+ 27.Bxf4 Qxf4+ 28.N1f3 Ne3 29.Qc1 Ng4+
30.Kg2 Ne3+ 31.Kf2 Ng4+ 32.Kg2  1/2-1/2

[Event "WYB16"]
[Site "Oropesa del Mar ESP"]
[Date "2001.10.24"]
[Round "4"]
[White "Zhao Zong Yuan"]
[Black "Gomez,Joh"]
[Result "1/2-1/2"]
[WhiteElo "2387"]
[BlackElo "2287"]

1.e4 e6 2.d4 d5 3.Nc3 Nf6 4.e5 Nfd7 5.f4 c5 6.Nf3 Nc6 7.Be3 a6 8.Qd2 b5 9.dxc5 Bxc5
10.Bxc5 Nxc5 11.Qf2 Qb6 12.Bd3 b4 13.Ne2 a5 14.O-O Ba6 15.Kh1 g6 16.Rad1 Na4
17.Qxb6 Nxb6 18.Nfg1 Ne7  1/2-1/2

[Event "Chigorin Mem Open"]
[Site "St Petersburg RUS"]
[Date "2001.10.29"]
[Round "4"]
[White "Drozdova,D"]
[Black "Zuttis,S"]
[Result "1-0"]
[WhiteElo "2172"]
[BlackElo "2317"]

1.e4 e6 2.d4 d5 3.Nc3 Nf6 4.e5 Nfd7 5.f4 c5 6.Nf3 Nc6 7.Be3 cxd4 8.Nxd4 Bc5
9.Nce2 a6 10.c3 O-O 11.g3 Nxd4 12.Bxd4 b5 13.Bg2 Bb7 14.O-O Qc7 15.Nc1 a5
16.Nb3 Be7 17.Rc1 Nc5 18.Nxc5 Bxc5 19.Bxc5 Qxc5+ 20.Qd4 Rac8 21.a3 Qxd4+
22.cxd4 b4 23.Rfe1 Rfd8 24.Kf2 Kf8 25.Ke3 Ke7 26.Kd2 Ba6 27.Rxc8 Rxc8 28.Rc1 Rc4
29.Rxc4 Bxc4 30.Bf3 Kd7 31.Bd1 Bb5 32.Bc2 h6 33.Ke3 f6 34.Kf3 fxe5 35.fxe5 Kc6
36.Kf4 g5+ 37.Kf3 Bc4 38.Ba4+ Bb5 39.Bd1 Bd3 40.axb4 axb4 41.Kg4 Bg6 42.h4 gxh4
43.Kxh4 Kb5 44.b3 Kc6 45.g4 Kd7 46.g5 hxg5+ 47.Kxg5 Bf5 48.Kf6 Kd8 49.Kf7 Kd7
50.Be2 Kd8 51.Bb5 Bg4 52.Bc6 Bf5 53.Bxd5 exd5 54.e6 Kc7 55.e7 Bd7 56.e8=Q Bxe8+
57.Kxe8 Kd6 58.Kf7  1-0

[Event "IM"]
[Site "Le Touquet FRA"]
[Date "2001.10.30"]
[Round "6"]
[White "Gurevich,Vl"]
[Black "Clery,N"]
[Result "1-0"]
[WhiteElo "2482"]
[BlackElo "2319"]

1.e4 e6 2.d4 d5 3.Nc3 Nf6 4.e5 Nfd7 5.f4 c5 6.Nf3 Nc6 7.Be3 a6 8.Qd2 cxd4
9.Nxd4 Bc5 10.O-O-O O-O 11.Kb1 Nxd4 12.Bxd4 b5 13.Qe3 Qc7 14.Bd3 Bb7 15.Qh3 g6
16.Ne2 b4 17.Qe3 Rfc8 18.h4 Bf8 19.h5 Bg7 20.hxg6 fxg6 21.Rxh7 Nf8 22.Rdh1 a5
23.g4 Re8 24.Ng1 Ba6 25.Nf3 Qd7 26.Bc5 Rec8 27.Bxf8 Kxf8 28.Bxg6 a4 29.f5  1-0

[Event "WYB16"]
[Site "Oropesa del Mar ESP"]
[Date "2001.10.30"]
[Round "9"]
[White "L'Ami,E"]
[Black "Vaznonis,V"]
[Result "1-0"]
[WhiteElo "2344"]
[BlackElo "2129"]

1.e4 e6 2.d4 d5 3.Nc3 Nf6 4.e5 Nfd7 5.f4 c5 6.Nf3 Nc6 7.Be3 cxd4 8.Nxd4 Bc5
9.Qd2 a6 10.O-O-O O-O 11.h4 Nxd4 12.Bxd4 b5 13.Rh3 b4 14.Na4 Bxd4 15.Qxd4 a5
16.Bb5 Rb8 17.Bd3 Qc7 18.h5 Qc6 19.h6 g6 20.b3 Ba6 21.f5 Rbc8 22.Rd2 Bxd3
23.Rhxd3 Qc7 24.Re2 Qd8 25.Kb2 Rc7 26.Rf3 Rc8 27.fxe6 fxe6 28.Rxf8+ Nxf8
29.Qa7 Qc7 30.Qa6 Kh8 31.a3 Kg8 32.axb4 axb4 33.Kb1 Rd8 34.Nb2 Qf7 35.Re1 Qf2
36.Qe2 Qxe2 37.Rxe2 Rb8 38.Nd3 Nd7 39.Kb2 g5 40.Rf2 Rf8 41.Rxf8+ Kxf8 42.c3 bxc3+
43.Kxc3 Ke7 44.Kd4  1-0

[Event "Jonsson Mem Open"]
[Site "Reykjavik ISL"]
[Date "2001.10.30"]
[Round "7"]
[White "Bjarnason,S"]
[Black "Halldorsson,J"]
[Result "0-1"]
[WhiteElo "2289"]
[BlackElo "2143"]

1.e4 e6 2.d4 d5 3.Nc3 Nf6 4.e5 Nfd7 5.Nce2 c5 6.c3 Nc6 7.f4 cxd4 8.cxd4 Be7
9.Nf3 O-O 10.g3 f5 11.Be3 Nb6 12.Nc3 Bd7 13.Bd3 Nb4 14.Be2 Rc8 15.a3 Nc6
16.O-O Na5 17.Bd3 Nac4 18.Qe2 a5 19.Rac1 a4 20.Bf2 Na5 21.Be1 Nbc4 22.Kh1 b5
23.Na2 Qb6 24.Rg1 Nb3 25.Rd1 Nxd4 26.Nxd4 Qxd4 27.g4 Qxf4 28.gxf5 exf5 29.Qg2 Rf7
30.e6 Bxe6 31.Bg3 Qg4 32.Be2 Qg5 33.Bxc4 Rxc4 34.Qe2 Qg4 35.Nc3 f4 36.Bf2 Qxe2
37.Nxe2 Bf5 38.Rge1 Rc2 39.Nd4 Rxf2 40.Nxf5 Rxf5  0-1

[Event "EuTChw"]
[Site "Leon ESP"]
[Date "2001.11.07"]
[Round "2"]
[White "Nepeina Leconte,M"]
[Black "Zhukova,N"]
[Result "1/2-1/2"]
[WhiteElo "2302"]
[BlackElo "2441"]

1.e4 e6 2.d4 d5 3.Nc3 Nf6 4.e5 Nfd7 5.f4 c5 6.Nf3 a6 7.Be3 Qb6 8.Na4 Qa5+
9.c3 cxd4 10.b4 Qc7 11.Qxd4 Nc6 12.Qd2 Be7 13.Bd3 b5 14.Nb2 f6 15.Nd4 Nb6
16.O-O O-O 17.a4 bxa4 18.Nxc6 Qxc6 19.Qc2 h6 20.Nxa4 Nxa4 21.Rxa4 fxe5 22.fxe5 Rxf1+
23.Bxf1 Bd7 24.b5 Qc7 25.Rxa6 Rf8 26.Ra1 Qxe5 27.Bd4 Qb8 28.Qe2 Bd6 29.Ra7 Qc8
30.Qxe6+ Bxe6 31.Rxg7+ Kh8 32.Rf7+ Kg8 33.Rg7+  1/2-1/2

[Event "TCh-FIN 2001-02"]
[Site "FIN"]
[Date "2001.11.17"]
[Round "4"]
[White "Westerinen,H"]
[Black "Kokkila,T"]
[Result "0-1"]
[WhiteElo "2412"]
[BlackElo "2293"]

1.e4 e6 2.d4 d5 3.Nc3 Nf6 4.e5 Nfd7 5.f4 c5 6.Nf3 Nc6 7.Be3 a6 8.Qd2 b5 9.dxc5 Nxc5
10.Qf2 Na4 11.Nxa4 bxa4 12.Nd4 Bd7 13.c3 Be7 14.Bd3 Nxd4 15.Bxd4 Bb5 16.Rd1 O-O
17.O-O f6 18.Qe2 Bxd3 19.Rxd3 f5 20.Rh3 Rf7 21.Kh1 Qd7 22.Rc1 Bf8 23.c4 Rd8
24.Bb6 Rb8 25.c5 Qc6 26.Qc2 Rd7 27.Rd3 d4 28.Qc4 Rd5 29.b4 axb3 30.Rxb3 d3
31.h3 Rb7 32.Rd1 d2 33.Qe2 Rbd7 34.Rb2 Bxc5 35.Bxc5 Qxc5 36.Qxa6 Kf7 37.Qe2 g6
38.Rbb1 Rd4 39.Qf3 Qc4 40.Qa8 Kg7 41.Qe8 Kh6 42.Qf8+ Kh5 43.g4+ fxg4 44.hxg4+ Kxg4
45.Qh6 Qe2 46.Rg1+ Kf5 47.Qf8+ Ke4 48.Qa8+ R7d5 49.Rbd1 Qf3+ 50.Kh2 Qxf4+
51.Rg3 Rd3 52.Qa4+ Kxe5 53.Qxf4+ Kxf4 54.Rg2 e5 55.Re2 e4 56.Kg2 Rg5+ 57.Kh2 Rh5+
58.Kg1 Rg3+ 59.Rg2 Rxg2+ 60.Kxg2 e3  0-1

[Event "TCh-FIN 2001-02"]
[Site "FIN"]
[Date "2001.11.17"]
[Round "4"]
[White "Sorsa,N"]
[Black "Tuominen,M"]
[Result "1-0"]
[WhiteElo "2261"]
[BlackElo "2138"]

1.e4 e6 2.d4 d5 3.Nc3 Nf6 4.e5 Nfd7 5.f4 c5 6.Nf3 Nc6 7.Be3 cxd4 8.Nxd4 Bb4
9.a3 Bxc3+ 10.bxc3 a6 11.Bd3 Qh4+ 12.g3 Qe7 13.O-O O-O 14.Qh5 g6 15.Qe2 f6
16.exf6 Nxf6 17.Rae1 Qc7 18.c4 Bd7 19.Nxc6 bxc6 20.c5 e5 21.fxe5 Qxe5 22.Bh6 Qd4+
23.Qf2 Qxf2+ 24.Rxf2 Rf7 25.Ref1 Bh3 26.Rxf6 Bxf1 27.Rxf1 a5 28.Re1 Rc7 29.Bf4 Rcc8
30.Re7 Re8 31.Rc7 Rac8 32.Rxc8 Rxc8 33.Ba6 Re8 34.Kf2 Kf7 35.Bb7 Re6 36.Bd6 Rf6+
37.Ke2 Ke6 38.Bxc6 Rf7 39.a4 g5 40.Bb5 h5 41.Ke3  1-0

[Event "sf ch-NED"]
[Site "Leeuwarden NED"]
[Date "2001.11.18"]
[Round "1.2"]
[White "Van der Weide,K"]
[Black "Span,P"]
[Result "1/2-1/2"]
[WhiteElo "2457"]
[BlackElo "2223"]

1.e4 e6 2.d4 d5 3.Nc3 Nf6 4.e5 Nfd7 5.f4 c5 6.Nf3 Nc6 7.Be3 cxd4 8.Nxd4 Bc5
9.Qd2 Nxd4 10.Bxd4 Bxd4 11.Qxd4 Qb6 12.Qxb6 Nxb6 13.Nb5 Ke7 14.Bd3 Bd7 15.Nd4 Na4
16.O-O-O g6 17.g3 Rac8 18.Rhf1 h5 19.h3 a6 20.Rf3 Nb6 21.b3 Rc7 22.Kd2 Nc8
23.a4 Na7 24.Ke3 Nc6 25.Ra1 Nxd4 26.Kxd4 a5 27.Rff1 b6 28.Rfe1 Ra7 29.c3 Rb8
30.Ra3  1/2-1/2

[Event "ch-ROM"]
[Site "Targoviste ROM"]
[Date "2001.11.30"]
[Round "7"]
[White "Nevednichy,V"]
[Black "Vasiesiu,D"]
[Result "1/2-1/2"]
[WhiteElo "2593"]
[BlackElo "2440"]

1.e4 e6 2.d4 d5 3.Nc3 Nf6 4.e5 Nfd7 5.Nf3 c5 6.dxc5 Nc6 7.Bf4 Nxc5 8.Bd3 Be7
9.O-O O-O 10.Re1 Bd7 11.a3 Nxd3 12.cxd3 Rc8 13.Rc1 Qb6 14.Na4 Qa5 15.Nc3 b5  1/2-1/2

[Event "Friendship IM"]
[Site "Prerove CZE"]
[Date "2001.12.06"]
[Round "3"]
[White "Molnar,Be"]
[Black "Ruckschloss,K"]
[Result "1/2-1/2"]
[WhiteElo "2363"]
[BlackElo "2264"]

1.e4 e6 2.d4 d5 3.Nc3 Nf6 4.e5 Nfd7 5.Nce2 c5 6.c3 Nc6 7.f4 a5 8.Nf3 a4 9.a3 Nb6
10.dxc5 Bxc5 11.Ned4 Nxd4 12.cxd4 Be7 13.Bd3 Nc4 14.O-O b5 15.Kh1 Qb6 16.Rb1 Bd7
17.Bc2 Qa5 18.Ng5 g6 19.Rf3 Rc8 20.h4 h5 21.Kh2 Qc7 22.Rf2 Qa7 23.Qd3 Bxg5
24.hxg5 Qa5 25.Qf3 O-O 26.b3 axb3 27.Rxb3  1/2-1/2

[Event "sf ch-NED"]
[Site "Leeuwarden NED"]
[Date "2001.12.08"]
[Round "2.1"]
[White "Van der Weide,K"]
[Black "Stellwagen,D"]
[Result "1/2-1/2"]
[WhiteElo "2457"]
[BlackElo "2384"]

1.e4 e6 2.d4 d5 3.Nc3 Nf6 4.e5 Nfd7 5.f4 c5 6.Nf3 Nc6 7.Be3 cxd4 8.Nxd4 Bc5
9.Qd2 O-O 10.O-O-O a6 11.h4 Nxd4 12.Bxd4 b5 13.Rh3 Bb7 14.f5 exf5 15.Nxd5 Bxd5
16.Bxc5 Nxc5 17.Qxd5 Qb6 18.Qd6 Qa7 19.Rf3 Ne6 20.Qa3 f4 21.Rd6 Qg1 22.Qd3 Rac8
23.Qd2 Rc5 24.Qf2 Qxf2 25.Rxf2 Rxe5 26.Rxa6 Re1+ 27.Kd2 Rb1 28.Ra5 Rd8+ 29.Bd3 Rxb2
30.Kc1 Rb4 31.Rxb5 Ra4 32.Kb1 g6 33.h5 Kg7 34.hxg6 hxg6 35.Ka1 Rd7 36.Kb1 Rd8
37.Ka1 Rd7 38.Kb1 Rc7 39.Rd2 Nc5 40.c3 Ra3 41.Kb2 Ra8 42.Bc2 Ra6 43.Rd5 Nd7
44.Rd4 Rac6 45.Be4 Re6 46.Rb7 Rxb7+ 47.Bxb7 Re2+ 48.Ka3 Nc5 49.Bd5 g5 50.Rc4 Ne6
51.Kb3 Re5 52.Bc6 Nc5+ 53.Kc2 Kf6 54.a4 Ke6 55.Rd4 Re2+ 56.Kd1 Re3 57.c4 Ra3
58.Rd5 Nxa4 59.Rxg5 Nb2+ 60.Ke2 Nxc4 61.Bd5+ Kf6 62.Rg4 Nd6  1/2-1/2

[Event "Friendship GM"]
[Site "Prerove CZE"]
[Date "2001.12.09"]
[Round "6"]
[White "Kalod,R"]
[Black "Nalivajko,E"]
[Result "1-0"]
[WhiteElo "2479"]
[BlackElo "2481"]

1.e4 e6 2.d4 d5 3.Nc3 Nf6 4.e5 Nfd7 5.Nce2 c5 6.c3 Nc6 7.f4 cxd4 8.cxd4 Bb4+
9.Bd2 Bxd2+ 10.Qxd2 O-O 11.Nf3 f6 12.h4 Qe7 13.Rh3 b6 14.Nc3 Bb7 15.Bd3 Rac8
16.Rd1 a6 17.Qe2 f5 18.Bxa6 Bxa6 19.Qxa6 Na5 20.Qe2 Nc4 21.Kf1 Qb4 22.Rb1 Na3
23.Rc1 Nb5 24.Qd2 Nxc3 25.bxc3 Qc4+ 26.Kg1 Ra8 27.Rc2 Rfc8 28.Ng5 Nf8 29.Re3 b5
30.Nf3 Ra3 31.Kh2 b4 32.cxb4 Qxc2 33.Qxc2 Rxc2 34.Rxa3 h6 35.Ra7 Ng6 36.Kg3 Rb2
37.a3 Rb3 38.Ra5 Ne7 39.b5 Kf7 40.a4  1-0

[Event "Rudenko mem w"]
[Site "St Petersburg RUS"]
[Date "2001.12.10"]
[Round "3"]
[White "Kulish,I"]
[Black "Chernova,N"]
[Result "1/2-1/2"]
[WhiteElo "2326"]
[BlackElo "2147"]

1.e4 e6 2.d4 d5 3.Nc3 Nf6 4.e5 Nfd7 5.f4 c5 6.Nf3 Nc6 7.Be3 Be7 8.Qd2 a6
9.dxc5 Bxc5 10.Nd4 Nxd4 11.Bxd4 Bxd4 12.Qxd4 Qb6 13.Qxb6 Nxb6 14.O-O-O Bd7
15.b3 Rc8 16.Kb2 O-O 17.Bd3 Rc7 18.Ne2 Bc6 19.Nd4 Nd7 20.Rhe1 Nc5 21.g3 Bd7
22.Rd2 Rfc8 23.g4 g6 24.h3 Nxd3+ 25.cxd3 Kf8 26.Rc2 Rxc2+ 27.Nxc2 Bb5 28.Rd1 Ke7
29.Nd4 Bc6 30.Kc3 Kd7 31.Kd2 Rh8 32.Rc1 h5 33.g5 Rb8 34.Ke3 Rc8 35.Rc2 Rb8
36.Kd2 Ra8 37.Kc3 Rc8 38.Kd2 Rc7 39.Ne2 Bb5 40.Rxc7+ Kxc7 41.Kc3 Kb6 42.Kd4 Be8
43.f5 Kc6 44.fxg6 fxg6 45.Nf4 Bf7 46.Kc3 Kc5 47.d4+ Kc6 48.a4 b6 49.Kb4 a5+
50.Ka3 Kb7 51.b4 Ka6 52.Nd3 Be8 53.bxa5 Kxa5 54.Nf4 Bf7 55.Kb3 b5 56.axb5 Kxb5
57.Nd3 Be8 58.Nc5 Bf7 59.Nb7 Bg8 60.Nd6+ Ka5 61.Ka3 Bh7 62.Nb7+ Kb5 63.Kb3 Bg8
64.Nc5 Bf7 65.Nd7 Be8 66.Nc5 Bf7 67.Nd7 Be8  1/2-1/2

[Event "SO-ON"]
[Site "Groningen NED"]
[Date "2001.12.24"]
[Round "3"]
[White "Middelburg,T"]
[Black "Michiels,B"]
[Result "1-0"]
[WhiteElo "2364"]
[BlackElo "2159"]

1.e4 e6 2.d4 d5 3.Nc3 Nf6 4.e5 Nfd7 5.Nce2 c5 6.c3 Nc6 7.f4 Qb6 8.a3 a5 9.h4 a4
10.h5 Qa5 11.Kf2 f6 12.Nf3 Be7 13.g3 Qb6 14.Ke1 O-O 15.Bh3 Kh8 16.Nh4 Na5
17.Ng6+ hxg6 18.hxg6 Kg8 19.Ng1 Re8 20.Qh5 Bd6 21.Qh8+  1-0

[Event "SO-ON"]
[Site "Groningen NED"]
[Date "2001.12.26"]
[Round "4"]
[White "L'Ami,E"]
[Black "Michiels,B"]
[Result "1-0"]
[WhiteElo "2344"]
[BlackElo "2159"]

1.e4 e6 2.d4 d5 3.Nc3 Nf6 4.e5 Nfd7 5.f4 c5 6.Nf3 a6 7.Be3 Qb6 8.Na4 Qa5+
9.c3 cxd4 10.b4 Qc7 11.Bxd4 Nc6 12.Qd2 Be7 13.Bd3 b5 14.Nb2 O-O 15.O-O f6
16.Rae1 Nxd4 17.cxd4 a5 18.Rc1 Qb6 19.a3 axb4 20.axb4 fxe5 21.fxe5 Rxf3 22.Rxf3 Qxd4+
23.Kh1 Qxb4 24.Qc2 Nf8 25.Rcf1 Bd7 26.Rf4 Qc5 27.Qe2 Be8 28.Qg4 Qb6 29.Qf3 Bg6
30.Rf7 Qc5 31.Bxg6 Nxg6 32.Nd3 Qa3 33.Qh3 Ra6 34.R7f2 Bh4 35.Rc2 h6 36.Rc7 Be7
37.Qf3 Kh7 38.g3 Ra7 39.Rc6 Ra6 40.Rxa6 Qxa6 41.h4 Qa3 42.Qe2 Qb3 43.Kh2 Qc4
44.Rf2 Kg8 45.Qf3 Kh7 46.h5 Nf8 47.Qf7 Ba3 48.Nf4 Qe4 49.Nxe6 Nxe6 50.Qxe6 d4
51.Qf5+ Qxf5 52.Rxf5 g5 53.e6 Kg7 54.Rf7+ Kg8 55.Ra7 Bc5 56.Rc7 Bd6 57.Rd7 Ba3
58.Rxd4 Kg7 59.Rd5 Kf6 60.Rxb5 Kxe6 61.Rb6+ Bd6 62.Kh3 Ke5 63.Kg4 Bf8 64.Rb8 Bg7
65.Rb6 Bf6 66.Ra6 Bg7 67.Rg6 Bf8 68.Rg8  1-0

[Event "Christmas Open"]
[Site "Zurich SUI"]
[Date "2001.12.26"]
[Round "1"]
[White "Schmid,Mi"]
[Black "Kelecevic,N"]
[Result "0-1"]
[WhiteElo "2238"]
[BlackElo "2398"]

1.e4 e6 2.d4 d5 3.Nc3 Nf6 4.e5 Nfd7 5.f4 c5 6.Nf3 Nc6 7.Be3 cxd4 8.Nxd4 Bc5
9.Qd2 O-O 10.O-O-O Qe7 11.Bb5 Nxd4 12.Bxd4 Nb6 13.Qe3 Bxd4 14.Qxd4 Bd7 15.Bd3 Rac8
16.h4 Rc7 17.h5 Rfc8 18.h6 g6 19.Rh3 Nc4 20.f5 Nxb2 21.Kxb2 Rxc3 22.fxg6 hxg6
23.h7+ Kh8 24.Qxc3 Rxc3 25.Kxc3 Qc5+ 26.Kb2 Qb4+ 27.Kc1 Qf4+ 28.Kb1 Qxe5
29.Rf1 f5 30.g4 Qd6 31.gxf5 exf5 32.Rh6 Be8 33.Rhh1 Bf7 34.Rh4 a5 35.Rfh1 d4
36.Kc1 a4 37.Re1 a3 38.Bc4 Qb4 39.Re7 Qxe7  0-1

[Event "TCh-NOR Qualifier"]
[Site "NOR"]
[Date "2001.??.??"]
[Round "2"]
[White "Bae,T"]
[Black "Christenson,F"]
[Result "1-0"]
[WhiteElo "2318"]
[BlackElo "2230"]

1.e4 e6 2.d4 d5 3.Nc3 Nf6 4.e5 Nfd7 5.Nce2 c5 6.f4 Nc6 7.c3 b5 8.Nf3 Qb6
9.a3 Be7 10.g3 f5 11.Be3 O-O 12.dxc5 Bxc5 13.Ned4 a5 14.b4 Bxd4 15.Nxd4 Nxd4
16.Bxd4 Qc6 17.Bd3 Nb6 18.O-O Nc4 19.Qe2 Bb7 20.Kh1 Qd7 21.g4 fxg4 22.Qxg4 Nd2
23.f5 Nxf1 24.Rxf1 axb4 25.axb4 Rae8 26.f6 Rf7 27.Qh5 gxf6 28.Rg1+ Kh8 29.Bg6 Ref8
30.exf6 e5 31.Bxf7 Qxf7 32.Qxe5 Re8 33.Qxe8+  1-0

[Event "ch-AUS"]
[Site "Melbourne AUS"]
[Date "2002.01.02"]
[Round "5"]
[White "Levi,E"]
[Black "Chow,S"]
[Result "1-0"]
[WhiteElo "2247"]
[BlackElo "2120"]

1.e4 e6 2.d4 d5 3.Nc3 Nf6 4.e5 Nfd7 5.Nce2 c5 6.c3 Nc6 7.f4 Qc7 8.Nf3 b6
9.g3 Ba6 10.a3 cxd4 11.cxd4 Na5 12.b4 Nc4 13.Bg2 Be7 14.f5 Qc6 15.O-O O-O-O
16.Qb3 Ncxe5 17.dxe5 Bxe2 18.Nd4 Qc4 19.Qb2 Bxf1 20.Bxf1 Qc7 21.Bf4 Kb7 22.Rc1 Nc5
23.fxe6 fxe6 24.Kh1 g5 25.bxc5 gxf4 26.c6+ Ka8 27.Nxe6 Qc8 28.Nxf4 Bc5 29.Qb5 Be3
30.c7 Rdg8 31.Qxd5+ Qb7 32.Bg2  1-0

[Event "Troll Masters"]
[Site "Gausdal NOR"]
[Date "2002.01.10"]
[Round "8"]
[White "Djurhuus,R"]
[Black "Reefat,S"]
[Result "1-0"]
[WhiteElo "2469"]
[BlackElo "2450"]

1.d4 e6 2.e4 d5 3.Nc3 Nf6 4.e5 Nfd7 5.f4 c5 6.Nce2 Nc6 7.c3 a5 8.Nf3 Qb6
9.a3 Qa7 10.Ng3 a4 11.Be3 Qa5 12.Kf2 f5 13.exf6 Nxf6 14.h3 Qb6 15.Rb1 cxd4
16.cxd4 Bd6 17.Bd3 O-O 18.Re1 Bd7 19.Kg1 Ne7 20.Ne5 Bb5 21.Bc2 Qa6 22.Nd3 Ne4
23.Nxe4 dxe4 24.Nf2 Bxf4 25.Bxf4 Rxf4 26.Nxe4 Bc4 27.Qh5 h6 28.Qe5 Ng6 29.Qc7 Rf7
30.Qd6 Nf4 31.Qxa6 Bxa6 32.Nc5 Ne2+ 33.Kh2 Nxd4 34.Bxa4 Bc4 35.Rbd1 Ra5 36.b4  1-0

[Event "54th ch-YUG Youth"]
[Site "Obrenovac YUG"]
[Date "2002.01.12"]
[Round "4"]
[White "Dimitrijevic,A"]
[Black "Jeremic,V"]
[Result "0-1"]
[WhiteElo "2227"]
[BlackElo "2484"]

1.e4 e6 2.d4 d5 3.Nc3 Nf6 4.e5 Nfd7 5.Nce2 c5 6.c3 Nc6 7.f4 Qb6 8.Nf3 cxd4
9.cxd4 Bb4+ 10.Bd2 f6 11.a3 Bxd2+ 12.Qxd2 O-O 13.b4 a5 14.b5 Qxb5 15.Nc3 Qb6
16.Bd3 fxe5 17.Rb1 Qd8 18.dxe5 Nc5 19.Bc2 d4 20.Ne4 d3 21.Nxc5 dxc2 22.Qxc2 Nd4
23.Qf2 Rxf4 24.O-O b6 25.Ne4 Rxe4 26.Rbd1 Ba6 27.Nxd4 Bxf1 28.Kxf1 Qd5  0-1

[Event "XXVII Open"]
[Site "Seville ESP"]
[Date "2002.01.12"]
[Round "2"]
[White "Meana Fernandez Palacios,M"]
[Black "Rustemov,A"]
[Result "0-1"]
[WhiteElo "2084"]
[BlackElo "2607"]

1.e4 e6 2.d4 d5 3.Nc3 Nf6 4.e5 Nfd7 5.f4 c5 6.Nf3 Nc6 7.a3 cxd4 8.Nxd4 Nxd4
9.Qxd4 Bc5 10.Qd1 Nb6 11.b4 Be7 12.Qg4 O-O 13.Bd3 f5 14.Qf3 a5 15.Rb1 axb4
16.axb4 Bd7 17.Ne2 Nc4 18.Bxc4 dxc4 19.Nd4 Bh4+ 20.g3 Be7 21.c3 b5 22.g4 fxg4
23.Qxg4 Rf7 24.h4 Ra2 25.Rb2 Ra1 26.O-O Bxh4 27.Rd2 Be7 28.Nxb5 Qb6+ 29.Nd4 Bf8
30.Qf3 g6 31.Kh2 Bh6 32.Rdf2 Bc8 33.Qg3 Bg7 34.Be3 Rxf1 35.Rxf1 Qa6 36.b5 Qa5
37.Qe1 Qd8 38.Kg3 Qd5 39.Qe2 Bb7 40.Qf3 Bxe5 41.Qxd5 Bxd5 42.Ra1 Bc7 43.Ne2 h5
44.b6 Bd6 45.Ra7 Bb8 46.Rxf7 Kxf7 47.Kh4 Bd6 48.Bd4 Be7+ 49.Kg3 Ke8 50.Be5 Kd7
51.Nd4 Bc5 52.Kh4 Bxb6 53.Kg5 Be4 54.f5 Bxf5  0-1

[Event "54th ch-YUG Youth"]
[Site "Obrenovac YUG"]
[Date "2002.01.17"]
[Round "8"]
[White "Djukic,Ni"]
[Black "Jeremic,V"]
[Result "0-1"]
[WhiteElo "2383"]
[BlackElo "2484"]

1.e4 e6 2.d4 d5 3.Nc3 Nf6 4.e5 Nfd7 5.Nce2 c5 6.c3 Nc6 7.f4 Qb6 8.Nf3 f6
9.a3 Be7 10.b4 cxd4 11.Nexd4 Nxd4 12.cxd4 a5 13.b5 a4 14.Bd3 O-O 15.h4 f5
16.h5 Qd8 17.Rg1 Nb6 18.g4 Nc4 19.Ra2 Qa5+ 20.Kf1 Qxb5 21.Rag2 Rf7 22.Qe2 Ra6
23.Rg3 Rc6 24.Kg2 Bd8 25.Kh1 Qb6 26.Bc2 Qa6 27.Qg2 Rcc7 28.gxf5 exf5 29.Rg6 hxg6
30.hxg6 Rf6 31.exf6 Bxf6 32.Qh3 Nd6 33.Bb1 Ne4 34.Qh7+ Kf8 35.Re1 Be6 36.Bd2 Nxd2
37.Bxf5 Ne4 38.Qh8+ Ke7 39.Bxe4 dxe4 40.Rxe4 Qf1+ 41.Ng1 Rc1 42.Qh2 Kd7  0-1

[Event "39th BPCL ch-IND"]
[Site "Nagpur IND"]
[Date "2002.01.25"]
[Round "10"]
[White "Konguvel,P"]
[Black "Barua,D"]
[Result "1-0"]
[WhiteElo "2404"]
[BlackElo "2515"]

1.e4 e6 2.d4 d5 3.Nc3 Nf6 4.e5 Nfd7 5.f4 c5 6.Nf3 Nc6 7.Be3 Qb6 8.Na4 Qa5+
9.c3 b6 10.Bd2 c4 11.b4 Qa6 12.a3 Qb7 13.g3 b5 14.Nb2 a5 15.Bh3 Be7 16.O-O g6
17.Qc2 axb4 18.axb4 Rxa1 19.Rxa1 Qb6 20.Kg2 Bb7 21.g4 f5 22.Nd1 h5 23.gxf5 gxf5
24.Ne3 Nf8 25.Kf2 Rg8 26.Nxf5 exf5 27.Qxf5 Nd8 28.Qxh5+ Qg6 29.Qxg6+ Nxg6
30.f5 Rh8 31.Bg4 Nh4 32.f6 Nxf3 33.Kxf3 Bf8 34.e6 Bd6 35.Bg5 Nc6 36.h4 Bxb4
37.cxb4 Nxd4+ 38.Kf4 c3 39.f7+ Kf8 40.Bf6 Nxe6+ 41.Bxe6 Rh6  1-0